000 00422nam a2200181Ia 4500
005 20240823041447.0
008 240823s9999||||xx |||||||||||||| ||und||
041 _aENGLISH
082 _A824.8 P7
100 _aNalli Kupusami Settiyar
245 0 _aEllorukum Vanakam
250 _a1st
260 _c2007
_bSri Puvaneswari Pathi
500 _aYES
650 _aTamil Books
_bGeneral
942 _cBK
999 _c205553
_d205553